000 00844nam a22002411i 4500
001 14734
003 ES-MaACL
005 20250730063046.0
007 t|
008 900725s1977 sp ||||0| spa j
020 _a84-212-0041-0 :
_c250 pts
040 _aM-BN
_bspa
_cA2
080 _a869.9-14.09"12/13"(04)
100 1 _aFilgueira Valverde, José,
_d1906-1996
_950833
245 1 0 _aSobre lírica medieval gallega y sus perduraciones /
_cJosé Filgueira Valverde.
260 _a[Valencia] :
_bBello,
_c1977.
300 _a202 p., 2 h ;
_c17 cm.
490 1 _aBiblioteca filológica. I. Ensayos ;
_v8
650 1 4 _aPoesía galaico-portuguesa-
_yS.XIII-XIV-
_xHistoria y crítica.
_916182
830 0 _aBiblioteca filológica. I. Ensayos ;
_v8
_9186707
852 _aES-MaACL
_jL-21969
_bR.116311
999 _c14734
_d14734